| Tag |
First Indicator |
Second Indicator |
Subfields |
| LEADER |
00000cam a2200000 a 4500 |
| 001 |
in00000020047 |
| 005 |
20220103115018.0 |
| 007 |
cr unu a |
| 008 |
880708s1986 xx a b 00010 eng d |
| 035 |
|
|
|9 AAB2879AM
|
| 035 |
|
|
|a (OCoLC)18189354
|
| 040 |
|
|
|a TXA
|c TXA
|d UtOrBLW
|
| 049 |
|
|
|a TXAZ [Also in] [Archives]
|c 1 [A10757826], 2 [A10757876]
|
| 099 |
|
|
|a 1986
|a Thesis
|a R498
|
| 100 |
1 |
|
|a Rich, Donna Carol.
|
| 245 |
1 |
0 |
|a Comparative cytotaxonomy in the tribe Bovini studied by banding techniques /
|c by Donna Carol Rich.
|
| 264 |
|
1 |
|a [Place of publication not identified] :
|b [publisher not identified] ;
|c 1986.
|
| 300 |
|
|
|a ix, 64 leaves :
|b illustrations ;
|c 29 cm.
|
| 336 |
|
|
|a text
|b txt
|2 rdacontent
|
| 337 |
|
|
|a computer
|b c
|2 rdamedia
|
| 338 |
|
|
|a online resource
|b cr
|2 rdacarrier
|
| 500 |
|
|
|a "Major subject: Genetics."
|
| 500 |
|
|
|a Typescript (photocopy).
|
| 500 |
|
|
|a Vita.
|
| 502 |
|
|
|b M.S.
|c Texas A&M University
|d 1986.
|
| 504 |
|
|
|a Bibliography: leaves 60-63.
|
| 530 |
|
|
|a Also available online.
|
| 650 |
|
0 |
|a Bovidae
|x Cytology.
|
| 650 |
|
0 |
|a Bovidae
|x Genetics.
|
| 650 |
|
0 |
|a Cytogenetics.
|
| 650 |
|
4 |
|a Major genetics.
|
| 856 |
4 |
1 |
|u https://hdl.handle.net/1969.1/ETD-TAMU-1986-THESIS-R498
|z Link to OAKTrust copy
|t 0
|
| 999 |
|
|
|a MARS
|
| 999 |
f |
f |
|s 9e536bc8-e2bd-319f-99d8-96d95caf4c53
|i d22d584c-59b7-3f9d-8e13-ec6327f2956b
|t 0
|
| 952 |
f |
f |
|p noncirc
|a Texas A&M University
|b J.J. Pickle Campus
|c High Density Repository
|s HDR
|d Remote Storage
|t 0
|e 1986 Thesis R498
|h Other scheme
|i computer -- online resource
|m A14839618015
|
| 952 |
f |
f |
|a Texas A&M University
|b College Station
|c Electronic Resources
|s www_evans
|d Available Online
|t 0
|e 1986 Thesis R498
|h Other scheme
|
| 998 |
f |
f |
|a 1986 Thesis R498
|t 0
|l Remote Storage
|
| 998 |
f |
f |
|a 1986 Thesis R498
|t 0
|l Available Online
|